| 000 | 01179cam a2200337 a 4500 | ||
|---|---|---|---|
| 999 |
_c5369 _d5369 |
||
| 001 | 633146 | ||
| 003 | GBCCL | ||
| 005 | 20241126110539.0 | ||
| 008 | 930514s1993 iluab 000 1 eng | ||
| 010 | _a 93004858 | ||
| 020 |
_a0842339329 : _c$16.99 |
||
| 020 |
_a0842339337 (pbk.) : _c$10.99 |
||
| 040 |
_aDLC _cDLC _dDLC |
||
| 043 | _ae-gx--- | ||
| 050 | 0 | 0 |
_aPS3566.H492 _bE44 1993 |
| 082 | 0 | 0 |
_a813.54 _220 _bPHI |
| 100 | 1 |
_aPhillips, Michael R., _d1946- _99662 |
|
| 245 | 1 | 4 |
_aThe eleventh hour / _cMichael Phillips. |
| 260 |
_aWheaton, Ill. : _bTyndale House, _cc1993. |
||
| 300 |
_axxiii, 505 p. : _bill., map ; _c21 cm. |
||
| 490 | 1 |
_aSecret of the rose ; _v1 |
|
| 650 | 0 |
_aFathers and daughters _xFiction. _99663 |
|
| 651 | 0 |
_aGermany _xHistory _y1933-1945 _xFiction. _99664 |
|
| 655 | 7 |
_aHistorical fiction. _2gsafd _99665 |
|
| 655 | 7 |
_aChristian fiction. _2lcsh _9256 |
|
| 740 | 0 | _a11th hour. | |
| 800 | 1 |
_aPhillips, Michael R., _d1946- _tSecret of the rose ; _v1. _99666 |
|
| 906 |
_a7 _bcbc _corignew _d1 _eocip _f19 _gy-gencatlg |
||
| 942 |
_2ddc _cBK |
||